[Event "Villandry Lallemand Memorial op"]
[Site "Villandry"]
[Date "2017.06.10"]
[Round "1"]
[White "Tourneur, Cloe"]
[Black "Benmesbah, Natacha"]
[Result "0-1"]
[WhiteElo "1870"]
[BlackElo "2390"]
[PlyCount "54"]
[EventDate "2017.06.10"]
[EventType "swiss (rapid)"]
[EventRounds "10"]
[EventCountry "FRA"]
[SourceTitle "EXT 2019"]
[Source "ChessBase"]
[SourceDate "2018.10.10"]
[SourceVersion "1"]
[SourceVersionDate "2018.10.10"]
[SourceQuality "1"]

1. e4 c5 2. Nc3 Nc6 3. f4 g6 4. Nf3 Bg7 5. Bc4 e6 6. 0-0 Nge7 7. d3 0-0 8. Qe1 d5 9. Bb3 Na5 10. exd5 Nxb3 11. axb3 exd5 12. Bd2 Re8 13. Qf2 b6 14. Ne5 Nf5 15. Rae1 Bb7 16. Kh1 Nd4 17. Be3 Nf5 18. d4 Nxe3 19. Qxe3 f6 20. Qf3 fxe5 21. fxe5 Rf8 22. Qh3 Rxf1+ 23. Rxf1 Qe7 24. dxc5 bxc5 25. e6 Rf8 26. Re1 Rf5 27. Qg3 Be5 0-1